Web Design Principles / (Record no. 534814)

000 -LEADER
fixed length control field 00355nam a22001337a 4500
020 ## - INTERNATIONAL STANDARD BOOK NUMBER
International Standard Book Number 9788131517378
082 ## - DEWEY DECIMAL CLASSIFICATION NUMBER
Classification number 005.72 SKL
100 ## - MAIN ENTRY--PERSONAL NAME
Personal name Sklar, Joel
245 ## - TITLE STATEMENT
Title Web Design Principles /
Statement of responsibility, etc. Joel Sklar
260 ## - PUBLICATION, DISTRIBUTION, ETC.
Place of publication, distribution, etc. New Delhi :
Name of publisher, distributor, etc. Cengage Learning,
Date of publication, distribution, etc. 2017.
300 ## - PHYSICAL DESCRIPTION
Extent 648 p.
942 ## - ADDED ENTRY ELEMENTS (KOHA)
Source of classification or shelving scheme
Koha item type Book
Holdings
Withdrawn status Lost status Source of classification or shelving scheme Damaged status Not for loan Permanent Location Current Location Date acquired Source of acquisition Total Checkouts Total Renewals Full call number Barcode Date last seen Date last checked out Price effective from Koha item type
          Central Library (CL) Central Library (CL) 06/17/2020 Allied Book Company 2 4 005.72 SKL CL-385 03/29/2023 02/04/2023 06/17/2020 Book
© 2023 Central Library, National University of Sciences and Technology. All Rights Reserved.